00471nam a2200157 ar450000100100000000500170001000800410002704000250006808200260009310000270011924500590014626000360020530000210024165000240026265000270028600000929920240412074210.0090929t2006 xxu r 000 p spa d aDO-SdBNPbspacBNPHU aRD861.44bM671h, 20061 aMir, Pedro,d1913-200010aHay un país en el mundo y otros poemas /cPedro Mir. aNueva York :bCalíope,c2006. a195 p. ;c22 cm. 0aPoesía dominicana 0aLiteratura dominicana.